España colombina / (Record no. 185136)

MARC details
000 -LEADER
campo de control de longitud fija 01541nam a2200361 i 4500
001 - NÚMERO DE CONTROL
campo de control 185136
003 - IDENTIFICADOR DE NÚMERO DE CONTROL
campo de control SpMaBN
005 - FECHA Y HORA DE LA ÚLTIMA TRANSACCIÓN
campo de control 20250928123453.0
008 - DATOS DE LONGITUD FIJA--INFORMACIÓN GENERAL
campo de control de longitud fija 160323s1990 sp o |||| | spa d
020 ## - NÚMERO INTERNACIONAL ESTÁNDAR DEL LIBRO
Número Internacional Estándar del Libro 84-7782-120-8
080 ## - NÚMERO DE LA CLASIFICACIÓN DECIMAL UNIVERSAL
Número de la Clasificación Decimal Universal 72.034(460)
080 ## - NÚMERO DE LA CLASIFICACIÓN DECIMAL UNIVERSAL
Número de la Clasificación Decimal Universal 94(460)"1474/1516"
100 1# - ENTRADA PRINCIPAL--NOMBRE DE PERSONA
Nombre de persona Masats, Óscar.
9 (RLIN) 144933
245 10 - MENCIÓN DEL TÍTULO
Título España colombina /
Mención de responsabilidad, etc. fotografía, Óscar Masats ; [prólogo, Luis Yáñez-Barnuevo].
260 ## - PUBLICACIÓN, DISTRIBUCIÓN, ETC.
Lugar de publicación, distribución, etc. Barcelona ;
-- Madrid :
Nombre del editor, distribuidor, etc. Lunwerg,
Fecha de publicación, distribución, etc. [1990]
300 ## - DESCRIPCIÓN FÍSICA
Extensión 235 p. :
Otras características físicas fot. col. ;
Dimensiones 30 cm.
490 1# - MENCIÓN DE SERIE
Mención de serie Biblioteca Quinto Centenario ;
Designación de volumen o secuencia 1000
500 ## - NOTA GENERAL
Nota general Cronología.
500 ## - NOTA GENERAL
Nota general Índice de fotografías.
505 8# - NOTA DE CONTENIDO CON FORMATO
Nota de contenido con formato Contiene: España en torno a 1492: estructuras y valores sociales / Miguel-Ángel Ladero Quesada . La España que recorrió Cristóbal Colón / Consuelo Varela
546 ## - NOTA DE IDIOMA
Nota de lengua/lenguaje Texto en español e inglés.
651 #4 - PUNTO DE ACCESO ADICIONAL DE MATERIA--NOMBRE GEOGRÁFICO
Nombre geográfico España-
Subdivisión general Historia-
Subdivisión cronológica 1474-1516, Reyes Católicos.
9 (RLIN) 8222
700 1# - ENTRADA AGREGADA--NOMBRE PERSONAL
Nombre de persona Ladero Quesada, Miguel Ángel,
Fechas asociadas al nombre 1943-
9 (RLIN) 159216
700 1# - ENTRADA AGREGADA--NOMBRE PERSONAL
Nombre de persona Varela, Consuelo,
Fechas asociadas al nombre 1945-
9 (RLIN) 113131
700 1# - ENTRADA AGREGADA--NOMBRE PERSONAL
Nombre de persona Yáñez, Luis.
9 (RLIN) 117567
710 1# - ENTRADA AGREGADA--NOMBRE DE ENTIDAD CORPORATIVA
Nombre de entidad corporativa o nombre de jurisdicción como elemento de entrada España.
Unidad subordinada Comisión Nacional para la Conmemoración del V Centenario del Descubrimiento de América.
9 (RLIN) 3639
740 02 - ENTRADA AGREGADA--TÍTULO RELACIONADO/ANALÍTICO NO CONTROLADO
Título relacionado o analítico no controlado España en torno a 1492: estructuras y valores sociales.
740 32 - ENTRADA AGREGADA--TÍTULO RELACIONADO/ANALÍTICO NO CONTROLADO
Título relacionado o analítico no controlado La España que recorrió Cristóbal Colón.
830 1# - PUNTO DE ACCESO ADICIONAL DE SERIE-TÍTULO UNIFORME
Título uniforme Biblioteca Quinto Centenario ;
Designación de volumen o secuencia 1000
9 (RLIN) 225174
852 ## - LOCALIZACIÓN
Ubicación ES-MaACL
Número de control de estantería A-13661
itemnumber 192155
Sublocalización o colección R.150396
Ubicación en estantería Depósito 1
Signatura antigua Olim: N-6661
942 ## - ELEMENTOS DE ENTRADA SECUNDARIOS (KOHA)
Fuente del sistema de clasificación o colocación Clasificación decimal universal
Holdings
Estatus retirado Estado de pérdida Fuente del sistema de clasificación o colocación Estado de daño No para préstamo Biblioteca de origen Biblioteca actual Ubicación en estantería Fecha de adquisición Fuente de adquisición Total de préstamos Signatura topográfica completa Código de barras Visto por última vez Precio de reemplazo Tipo de ítem Koha
    Clasificación decimal universal     Biblioteca del Ateneo de Madrid Biblioteca del Ateneo de Madrid Depósito 1 23/03/2016 Donación   A-13661 1195009 23/02/2023 23/02/2023 Libro impreso